104 NTA Papers of JEE Main Mathematics/ (Record no. 207589)

MARC details
000 -LEADER
fixed length control field 00735nam a22002177a 4500
005 - DATE AND TIME OF LATEST TRANSACTION
control field 20250619145644.0
010 ## - LCCN (DPL NO)
LC control number DEC24SC ENG-142983 ENG-145492
020 ## - INTERNATIONAL STANDARD BOOK NUMBER
International Standard Book Number 9789358708301
Terms of availability 799.00
035 ## - SYSTEM CONTROL NUMBER
System control number EN-126515
035 ## - SYSTEM CONTROL NUMBER
System control number EN-129024
037 ## - SOURCE OF ACQUISITION
Source of stock number/acquisition DBAD
082 ## - DEWEY DECIMAL CLASSIFICATION NUMBER
Classification number 000
Edition number 1
100 ## - MAIN ENTRY--PERSONAL NAME
Personal name Goyal, S. K.
245 ## - TITLE STATEMENT
Title 104 NTA Papers of JEE Main Mathematics/
Statement of responsibility, etc By S.K. Goyal
250 ## - EDITION STATEMENT
Edition statement 1
260 ## - PUBLICATION, DISTRIBUTION, ETC. (IMPRINT)
Place of publication, distribution, etc New Delhi
Name of publisher, distributor, etc S Chand and Company Limited
Date of publication, distribution, etc 2024
270 ## - ADDRESS
Address A-27, 2nd Floor, Mohan Co-operative Industrial Estate
City New Delhi
Postal code 110044
Electronic mail address info@schandpublishing.com
Telephone number 011-49731800
300 ## - PHYSICAL DESCRIPTION
Extent 817p.
Dimensions 26cm(pb)
500 ## - GENERAL NOTE
General note Chapter-wise Previous Years’ Solved Papers
942 ## - ADDED ENTRY ELEMENTS (KOHA)
Source of classification or shelving scheme Dewey Decimal Classification
Item type English Books
Classification part 000
Call number suffix JEE
Edition 1
Holdings
Withdrawn status Lost status Not for loan Collection code Home library Current library Date acquired Source of acquisition Cost, normal purchase price Full call number Barcode Copy number Cost, replacement price Koha item type Public note
      Non-fiction Central Library Central Library 11/12/2024 Delivery of Books Division 799.00 000 JEE EN-126515 1 799.00 English Books Issued to Staff (P. No. 123)
      Non-fiction RC4 Seelam Pur RC4 Seelam Pur 19/06/2025 Delivery of Books Act Division 799.00 000 JEE EN-129024 1 799.00 English Books  

© Delhi Public Library
Hit Counter
free hit counter